MARC

Tag First Indicator Second Indicator Subfields
LEADER 00000cam a2200000 a 4500
001 in00000020185
005 20190111103228.0
008 870603t19881988nyuaf b 001 0 eng
010 |a  87016322  
035 |a (OCoLC)ocm16079209 
035 |a (OCoLC)16079209 
035 |9 AAB3021AM 
040 |a DLC  |b eng  |c DLC  |d OBE  |d BAKER  |d NLGGC  |d BTCTA  |d YDXCP  |d HVC  |d ZWZ  |d GEBAY  |d BDX  |d OCLCO  |d OCLCA  |d OCLCQ  |d OCLCO  |d UEJ  |d OCLCO  |d OCLCQ  |d OCLCO  |d OCLCF  |d TXA 
019 |a 26229200  |a 59825947  |a 493934710 
020 |a 0312010338 
020 |a 9780312010331 
020 |a 031202214X 
020 |a 9780312022143 
035 |a (OCoLC)16079209  |z (OCoLC)26229200  |z (OCoLC)59825947  |z (OCoLC)493934710 
050 0 0 |a BL820.B2  |b E9 1988 
082 0 0 |a 292/.211  |2 19 
084 |a 11.10  |2 bcl 
049 |a TXAM 
100 1 |a Evans, Arthur,  |d 1942-2011,  |e author. 
245 1 4 |a The God of ecstasy :  |b sex-roles and the madness of Dionysos /  |c Arthur Evans. 
250 |a First edition. 
264 1 |a New York :  |b St. Martin's Press,  |c [1988] 
264 4 |c ©1988 
300 |a 286 pages, 8 unnumbered pages of plates :  |b illustrations ;  |c 22 cm 
336 |a text  |b txt  |2 rdacontent 
337 |a unmediated  |b n  |2 rdamedia 
338 |a volume  |b nc  |2 rdacarrier 
504 |a Includes bibliographical references (pages 273-279) and index. 
500 |a The Cushing Library/Women & Gender Studies copy was acquired as part of The Don Kelly Research Collection of Gay Literature and Culture.  |5 TXA 
500 |a The Cushing Library/Women & Gender Studies copy is inscribed by the author.  |5 TXA 
600 0 0 |a Dionysus  |c (Greek deity)  |x Cult. 
600 0 0 |a Euripides.  |t Bacchae. 
600 0 0 |a Pentheus,  |c King of Thebes (Mythological character)  |x In literature. 
600 0 0 |a Dionysus  |c (Greek deity)  |x In literature. 
600 1 0 |a Euripide (0480-0406 av. J.-C.).  |t Bacchantes. 
600 0 7 |a Dionysos  |c (divinité grecque)  |2 ram 
600 1 7 |a Dionysos.  |2 swd 
600 0 7 |a Dionysus  |c (Greek deity)  |2 fast  |0 (OCoLC)fst00894082 
600 0 7 |a Pentheus,  |c King of Thebes (Mythological character)  |2 fast  |0 (OCoLC)fst01057215 
630 0 7 |a Bacchae (Euripides)  |2 fast  |0 (OCoLC)fst01357895 
650 0 |a Sex role  |x Religious aspects. 
650 0 |a Patriarchy  |x Religious aspects. 
650 0 |a Bacchantes in literature. 
650 1 7 |a Cultus.  |2 gtt 
650 1 7 |a Dionysus.  |2 gtt 
650 1 7 |a Oudheid.  |2 gtt 
650 1 7 |a Toneelstukken.  |2 gtt 
650 1 7 |a Grieks.  |2 gtt 
650 7 |a Dionysoskult  |2 gnd  |0 (DE-588)4150019-2 
650 7 |a Das Dionysische  |2 gnd  |0 (DE-588)4139198-6 
650 7 |a Sexualité  |x Aspect religieux.  |2 ram 
650 7 |a Bacchantes.  |2 fast  |0 (OCoLC)fst00825025 
650 7 |a Bacchantes in literature.  |2 fast  |0 (OCoLC)fst00825027 
650 7 |a Cults.  |2 fast  |0 (OCoLC)fst00884980 
650 7 |a Literature.  |2 fast  |0 (OCoLC)fst00999953 
650 7 |a Patriarchy  |x Religious aspects.  |2 fast  |0 (OCoLC)fst01055088 
650 7 |a Sex role  |x Religious aspects.  |2 fast  |0 (OCoLC)fst01114620 
994 |a C0  |b TXA 
948 |a cataloged  |b h  |c 2019/1/11  |d c  |e nbehmer  |f 10:32:06 am 
999 f f |s 708faf83-421d-3770-bd25-6f3439f688f7  |i cc4f2b35-9457-34fb-89a3-febc36f4f11c  |t 0 
952 f f |p noncirc  |a Texas A&M University  |b College Station  |c Cushing Memorial Library & Archives  |d Cushing: Women & Gender Studies (Does not check out)  |t 0  |e BL820.B2 E9 1988  |h Library of Congress classification  |i unmediated -- volume  |m A14851958125 
952 f f |p ric  |a Texas A&M University  |b Rellis Campus  |c Joint Library Facility  |d Remote Storage  |t 0  |e BL820.B2 E9 1988  |h Library of Congress classification  |i unmediated -- volume  |m A14811109107 
998 f f |a BL820.B2 E9 1988  |t 0  |l Remote Storage 
998 f f |a BL820.B2 E9 1988  |t 0  |l Cushing: Women & Gender Studies (Does not check out)